000
00372nam a22001577a 4500
003
MPLRDC
005
20220104123831.0
008
210129b ||||| |||| 00| 0 eng d
082
_a
030.89 WF
100
_a
文峰编著
245
_a
国学基本问答八百条
_c
260
_a
_b
香港商务印书馆
_c
1962
300
_b
平
650
_a
942
_c
BK
_o
030.89 WF
999
_c
14561
_d
14551